| 000 | 01012nam a22001937a 4500 | ||
|---|---|---|---|
| 003 | JO-AjAnu | ||
| 005 | 20240602094506.0 | ||
| 008 | 240406b jo ||||| |||| 00| 0 ara d | ||
| 040 |
_aJO-AjAnu _bara _cJO-AjAnu |
||
| 041 | 0 | _aara | |
| 100 | 1 |
_aالنعيمي، محمد يونس يحيى. _eمعد _965285 |
|
| 245 | 1 | 0 |
_aأثر الحوكمة المؤسسية على تحسين العمليات التشغيلية في الشركات الصناعية العراقية = The Impact of Corporate Governance on Improving Operational Operations in Iraqi industrial Companies / _cاعداد محمد يونس يحيى النعيمي ؛ اشراف مهند العبيني |
| 260 | _c2023 | ||
| 300 | _a81 ورقة | ||
| 500 | _aرسالة جامعية ( رسالة ماجستير ) - جامعة عجلون الوطنية (عجلون، الاردن)، كلية الاعمال،2023. | ||
| 650 | 7 | 0 |
_aحوكمة الشركات _965287 |
| 700 | 1 |
_aالعبيني، مهند. _eمشرف _965082 |
|
| 942 |
_2lcc _cTHS _n0 |
||
| 999 |
_c33429 _d33429 |
||